Szczegóły MARC21

Grodzisko wczesnośredniowieczne w Szczecinie-Mścięcinie /

003 -Nazwa inst., której nr kontr. jest w polu 001 [,]
    • @
    • Nazwa instytucji, której n kontrolny jest w polu 001
    • NUKAT
005 -DATA I CZAS OSTATNIEJ MODYFIKACJI [,]
    • @
    • pole kontrolne
    • 20260408143928.0
040 -Instytucja sporządzająca opis [ , ]
    • a
    • Instytucja, która sporządziła opis (NP)
    • GD U/1AA
    • c
    • Instytucja, która sporządziła rekord (NP)
    • GD U/1AA
    • d
    • Instytucja, która zmodyfikowała rekord (P)
    • GD U/1AA
041 -Język dokumentu [0, ]
    • a
    • Język tekstu (P)
    • polski
    • b
    • Język streszczeń lub abstraktu (P)
    • niemiecki
942 -Rodzaj dokumentu [ , ]
    • c
    • Rodzaj dokumentu
    • Książka
100 -Hasło główne - nazwa osobowa [1, ]
    • a
    • Nazwa osobowa (NP)
    • Rogosz, Ryszard
    • d
    • Daty biograficzne (NP)
    • (1940-2018).
    • 9
    • KHW
    • 585783
245 -Strefa tytułu i oznaczenia odpowiedzialności [1,0]
    • a
    • Tytuł
    • Grodzisko wczesnośredniowieczne w Szczecinie-Mścięcinie / Find
    • c
    • Pozostałe elementy strefy tytułu i oznaczenia odpowiedzialności (NP)
    • Ryszard Rogosz ; Instytut Zachodniopomorski.
260 -Strefa adresu wydawniczego [ , ]
    • a
    • Miejsce wydania (P)
    • Szczecin :
    • b
    • Nazwa wydawcy (P)
    • IZP ;
    • a
    • Miejsce wydania (P)
    • Warszawa :
    • b
    • Nazwa wydawcy (P)
    • Ośrodek Informacji Konserwatorskiej. PP Pracownie Konserwacji Zabytków,
    • c
    • Data wydania (P)
    • 1974.
300 -Strefa opisu fizycznego [ , ]
    • a
    • Określenie formy książki i/lub objętość (NP)
    • 245 s., [1] k. tabl. złoż. :
    • b
    • Oznaczenie ilustracji (NP)
    • il. ;
    • c
    • Format (NP)
    • 24 cm.
336 -Typ zawartości [ , ]
    • a
    • Termin opisujący typ zawartości
    • Tekst
    • b
    • Kod określający zawartość
    • txt
    • 2
    • Źródło (terminu i kodu)
    • rdacontent
337 -Typ mediów [ , ]
    • a
    • Tryb odtwarzania
    • Bez urządzenia pośredniczącego
    • b
    • Kod typu mediów
    • n
    • 2
    • Źródło (terminu i kodu)
    • rdamedia
338 -Typ/rodzaj nośnika [ , ]
    • a
    • Hasło opisujące typ nośnika
    • Wolumin
    • b
    • Kod typu nośnika
    • nc
    • 2
    • Źródło (terminu i kodu)
    • rdacarrier
380 -Deskryptor - Forma dzieła (P) [ , ]
    • a
    • forma dzieła (NP)
    • Książki
490 -Strefa serii i książki wielotomowej - forma nie do wyszukiwania [1, ]
    • a
    • Tytuł (P)
    • Prace Instytutu Zachodniopomorskiego w Szczecinie ; Find
    • v
    • Numeracja (P)
    • t. 67
490 -Strefa serii i książki wielotomowej - forma nie do wyszukiwania [1, ]
    • a
    • Tytuł (P)
    • Z Prac Sekcji Historycznej ; Find
    • v
    • Numeracja (P)
    • z . 17
830 -Hasło dodatkowe serii i opisu książki wielotomowej - tytuł ujednolicony/tytuł [ ,0]
    • a
    • Tytuł ujednolicony/tytuł (NP)
    • Prace Instytutu Zachodnio-Pomorskiego
    • x
    • ISSN
    • 0860-6641
    • v
    • Oznaczenie tomu (NP)
    • t. 67
    • 9
    • KHW
    • 27918
830 -Hasło dodatkowe serii i opisu książki wielotomowej - tytuł ujednolicony/tytuł [ ,0]
    • a
    • Tytuł ujednolicony/tytuł (NP)
    • Z Prac Sekcji Historycznej - Instytut Zachodnio-Pomorski w Szczecinie
    • v
    • Oznaczenie tomu (NP)
    • nr 17
    • 9
    • KHW
    • 346174
504 -Uwaga dot. bibliogr. załącznikowej [ , ]
    • a
    • Uwaga dot. bibliografii załącznikowej
    • Bibliogr. s. 81-[83].
546 -Uwaga dot. języka [ , ]
    • a
    • Uwaga dot. języka
    • Streszcz. niem.
080 -Uniwersalna Klasyfikacja Dziesiętna [ , ]
    • 2
    • Identyfikator wydania tablic
    • UDC-P058
    • a
    • Symbol klasyfikacji
    • 903/904(438)
    • b
    • Dopowiedzenie
    • Relikty archeologiczne Polski.
    • x
    • Poddział wspólny
    • "05/12"
    • b
    • Dopowiedzenie
    • Wiek VI/XIII.
080 -Uniwersalna Klasyfikacja Dziesiętna [ , ]
    • 2
    • Identyfikator wydania tablic
    • UDC-P058
    • a
    • Symbol klasyfikacji
    • 903.4
    • b
    • Dopowiedzenie
    • Osadnictwo. Grody.
    • x
    • Poddział wspólny
    • "05/12"
    • b
    • Dopowiedzenie
    • Wiek VI/XIII.
648 -Hasło przedmiotowe - chronologia [ ,7]
    • a
    • Deskryptor chronologiczny
    • 1001-1100
    • 2
    • Źródło terminu
    • DBN
    • 9
    • KHW
    • 722280
648 -Hasło przedmiotowe - chronologia [ ,7]
    • a
    • Deskryptor chronologiczny
    • 801-900
    • 2
    • Źródło terminu
    • DBN
    • 9
    • KHW
    • 722278
648 -Hasło przedmiotowe - chronologia [ ,7]
    • a
    • Deskryptor chronologiczny
    • 901-1000
    • 2
    • Źródło terminu
    • DBN
    • 9
    • KHW
    • 722279
650 -Hasło przedmiotowe [ ,7]
    • a
    • Hasło przedmiotowe
    • Groby
    • 2
    • Źródło terminu
    • DBN
    • 9
    • KHW
    • 724920
650 -Hasło przedmiotowe [ ,7]
    • a
    • Hasło przedmiotowe
    • Miasta średniowieczne
    • z
    • Określnik geograficzny
    • Polska
    • z
    • Określnik geograficzny
    • Pomorze Zachodnie (region).
    • 2
    • Źródło terminu
    • kaba
    • 9
    • KHW
    • 381835
650 -Hasło przedmiotowe [ ,7]
    • a
    • Hasło przedmiotowe
    • Zabytki średniowieczne
    • z
    • Określnik geograficzny
    • Polska
    • z
    • Określnik geograficzny
    • Pomorze Zachodnie (region).
    • 2
    • Źródło terminu
    • kaba
    • 9
    • KHW
    • 585989
650 -Hasło przedmiotowe [ ,7]
    • a
    • Hasło przedmiotowe
    • Archeologia
    • z
    • Określnik geograficzny
    • Polska
    • z
    • Określnik geograficzny
    • Pomorze Zachodnie (region).
    • 2
    • Źródło terminu
    • kaba
    • 9
    • KHW
    • 381837
651 -Hasło przedmiotowe w formie nazwy geograficznej [ ,7]
    • a
    • Nazwa geograficzna
    • Polska
    • 2
    • Źródło terminu
    • DBN
    • 9
    • KHW
    • 721438
651 -Hasło przedmiotowe w formie nazwy geograficznej [ ,7]
    • a
    • Nazwa geograficzna
    • Szczecin (woj. zachodniopomorskie)
    • 2
    • Źródło terminu
    • DBN
    • 9
    • KHW
    • 721822
651 -Hasło przedmiotowe w formie nazwy geograficznej [ ,7]
    • a
    • Nazwa geograficzna
    • Szczecin (Polska)
    • x
    • Określnik rzeczowy
    • historia.
    • 2
    • Źródło terminu
    • kaba
    • 9
    • KHW
    • 362799
651 -Hasło przedmiotowe w formie nazwy geograficznej [ ,7]
    • a
    • Nazwa geograficzna
    • Szczecin (Polska)
    • x
    • Określnik rzeczowy
    • zabytki.
    • 2
    • Źródło terminu
    • kaba
    • 9
    • KHW
    • 369759
651 -Hasło przedmiotowe w formie nazwy geograficznej [ ,7]
    • a
    • Nazwa geograficzna
    • Pomorze Zachodnie (Polska ; region)
    • y
    • Określnik chronologiczny
    • średniowiecze.
    • 2
    • Źródło terminu
    • kaba
    • 9
    • KHW
    • 359103
658 -Ujęcie treści [ , ]
    • a
    • dziedzina nauki i sztuki/ sfera aktywności życiowej
    • Archeologia
980 -Symbol UKD [ , ]
    • a
    • UKD
    • 903/904(438):903.4]"05/12"Szczecin-Mścięcino
Sygnatura Obwoluta Numer inwentarzowy Status udost. Lokalizacja Data inwentaryzacji
Z.10875 Z.867031BG1995-12-07
  W.30460-3BG1995-12-07
  W.30461-3BG1995-12-07
  W.81068-3BG1995-12-07
  W.107297-3BG1995-12-07
Z.10875 Z.108752BG1995-12-07
  H.125781BNS2004-01-21
 1H.17405-3BNS2008-01-15
 1H.18056-3BNS2008-08-29